Statistics for Gassu's Geographic Groups of Things #4

Click here to take the quiz!

General Stats

  • This quiz has been taken 1,156 times
  • The average score is 32 of 51

Answer Stats

Answer% Correct
Canada
97%
Mexico
96%
Cuba
94%
Estonia
93%
Indiana
92%
Latvia
92%
Lithuania
92%
Mount Everest
92%
North Korea
92%
South Korea
92%
United States
92%
Edinburgh
90%
Illinois
89%
Iowa
89%
Bogotá
88%
Idaho
88%
Jamaica
88%
Indonesia
87%
Glasgow
86%
K2
85%
Malaysia
85%
Wellington
83%
Hispaniola
82%
Brunei
80%
Lagos
80%
Auckland
78%
Aberdeen
66%
Cape Verde
66%
São Tomé and Príncipe
66%
Angola
64%
Christchurch
60%
Puerto Rico
60%
Medellín
58%
Mozambique
57%
Equatorial Guinea
46%
Guinea-Bissau
44%
Dundee
43%
Liberia
42%
Cali
39%
Myanmar
29%
Kano
24%
Saxony
21%
Brandenburg
18%
Ibadan
16%
Mecklenburg-Vorpommern
14%
Saxony-Anhalt
13%
Thuringia
13%
Vänern
10%
Vättern
10%
Malären
7%
Kangchenjunga
5%

Score Distribution

Percentile by Number Answered

Percent of People with Each Score

Your Score History

You have not taken this quiz